A szempczi és cseklészi tizedszedők instructiója

Elmentve itt :
Bibliográfiai részletek
Szerző: Merényi Lajos
Dokumentumtípus: Cikk
Megjelent: 1903
Sorozat:Magyar gazdaságtörténelmi szemle 10
Kulcsszavak:Közgazdaságtudomány, Gazdaságtörténet
Online Access:http://misc.bibl.u-szeged.hu/762
LEADER 00613nab a2200169 i 4500
001 misc762
005 20191106144029.0
008 170607s1903 hu o 0|| hun d
040 |a SZTE Miscellanea Repozitórium  |b hun 
041 |a hun 
100 1 |a Merényi Lajos 
245 1 2 |a A szempczi és cseklészi tizedszedők instructiója  |h [elektronikus dokumentum] /  |c  Merényi Lajos 
260 |c 1903 
300 |a 160-166 
490 0 |a Magyar gazdaságtörténelmi szemle  |v 10 
695 |a Közgazdaságtudomány, Gazdaságtörténet 
856 4 0 |u http://misc.bibl.u-szeged.hu/762/1/gazd_tort_szeml_1903_160-166.pdf  |z Dokumentum-elérés